| 000 | 005930000a22001810004500 | ||
|---|---|---|---|
| 003 | MACL | ||
| 005 | 20160426160317.0 | ||
| 008 | 160426b xxu||||| |||| 00| 0 eng d | ||
| 040 |
_aMACL _cMACL |
||
| 041 | _aHindi | ||
| 082 | _a891.433 | ||
| 100 |
_aडॉ रूचिरा ढी्ंगरा _954113 |
||
| 245 | _aप्रेमचन्द की नारी केन्द्रित कहानियॉ | ||
| 260 |
_aदिल्ली _bअनुराग प्रकाशन _c2011 |
||
| 350 | _a175 | ||
| 650 |
_aStories _954114 |
||
| 942 |
_cHIN _k891.433/DHI/S _2ddc |
||
| 999 |
_c46503 _d46503 |
||